Simple Genius (Record no. 533554)
[ view plain ]
| 000 -LEADER | |
|---|---|
| fixed length control field | 00219nam a2200109 4500 |
| 040 ## - CATALOGING SOURCE | |
| Transcribing agency | DLC |
| 082 ## - DEWEY DECIMAL CLASSIFICATION NUMBER | |
| Classification number | 813.54 |
| Author Mark | USA |
| 100 ## - MAIN ENTRY--PERSONAL NAME | |
| Personal name | David Baldacci |
| 9 (RLIN) | 27490 |
| 245 ## - TITLE STATEMENT | |
| Title | Simple Genius |
| 300 ## - PHYSICAL DESCRIPTION | |
| Extent | 420p |
| 942 ## - ADDED ENTRY ELEMENTS (KOHA) | |
| Source of classification or shelving scheme | |
| Koha item type | Book |
| Withdrawn status | Lost status | Source of classification or shelving scheme | Damaged status | Not for loan | Permanent Location | Current Location | Date acquired | Total Checkouts | Full call number | Barcode | Date last seen | Price effective from | Koha item type |
|---|---|---|---|---|---|---|---|---|---|---|---|---|---|
| School of Civil and Environmental Engineering (SCEE) | School of Civil and Environmental Engineering (SCEE) | 01/13/2020 | 813.54 USA | NIT-9157 | 01/13/2020 | 01/13/2020 | Book |
